Kainat ki Tarikh / (Record no. 526745)

000 -LEADER
fixed length control field 00491nam a22001817a 4500
003 - CONTROL NUMBER IDENTIFIER
control field NUST
005 - DATE AND TIME OF LATEST TRANSACTION
control field 20190716054232.0
008 - FIXED-LENGTH DATA ELEMENTS--GENERAL INFORMATION
fixed length control field 190716b ||||| |||| 00| 0 eng d
038 ## - RECORD CONTENT LICENSOR
Staff Name Faiza
082 ## - DEWEY DECIMAL CLASSIFICATION NUMBER
Classification number 530.12
Author Mark STE
100 ## - MAIN ENTRY--PERSONAL NAME
Personal name Stephen W. Hocking
9 (RLIN) 17738
245 ## - TITLE STATEMENT
Title Kainat ki Tarikh /
Statement of responsibility, etc. Stephen W. Hocking
260 ## - PUBLICATION, DISTRIBUTION, ETC.
Place of publication, distribution, etc. Islamabad:
Name of publisher, distributor, etc. Muqtadra Qumi Zuban,
Date of publication, distribution, etc. 2010.
300 ## - PHYSICAL DESCRIPTION
Extent 212p. ;
500 ## - GENERAL NOTE
General note Hard Cover
880 ## - ALTERNATE GRAPHIC REPRESENTATION
Linkage 245-02\r
Title /کائنات کی تاریخ
942 ## - ADDED ENTRY ELEMENTS (KOHA)
Source of classification or shelving scheme
Koha item type Book
Holdings
Withdrawn status Lost status Source of classification or shelving scheme Damaged status Not for loan Permanent Location Current Location Date acquired Total Checkouts Full call number Barcode Date last seen Price effective from Koha item type
          Central Library (CL) Central Library (CL) 07/16/2019   530.12 STE CL-E-1306 07/16/2019 07/16/2019 Book
© 2023 Central Library, National University of Sciences and Technology. All Rights Reserved.